000 00643nam a2200217Ia 4500
003 OSt
005 20220927105403.0
006 a|||||r|||| 00| 0
007 ta
008 220926b |||||||| |||| 00| 0 eng d
024 _a190251
037 _cReference Collections
040 _aRTL
_cRTL
_beng
041 _2eng
_aeng
082 _a"E.225s.N, N1/GD"
245 0 _aImperial gazetteer of India
_b" Provincial series, Hyderabad state."
260 _aNew
_bDelhi Atlantic publishers & Distributors
_c1991
300 _a"xxvi, 317"
_ccm.
942 _h"E.225s.N, N1/GD"
_cCC
999 _c692245
_d692245